000 00418nam a2200181Ia 4500
005 20250423101303.0
008 250422s9999 xx 000 0 und d
020 _a9780435910082
050 _aPR 9379.9 .D25 .H68/
100 _aDarko, Amma
245 4 _aThe housemaid
260 _aOxford
260 _bPearson Education Ltd
260 _c1998
300 _a107 p
650 _aGhana --Fiction
942 _cBK
999 _c35858
_d35858